000 00551nam a2200181Ia 4500
003 GCL
008 140319s9999 xx 000 0 ara d
040 _aGCL /
_cGCL
082 0 4 _a811.00992
_bع م
100 1 _aحسن محمد نورالدين
245 1 0 _aمطارحات شعرية فى جبل عامل /
_cحسن محمد نورالدين
260 _a[S.N] :
_bدار الفكر اللبنانى ،
_c1990
300 _a266 ص
490 _a
650 0 4 _aالشعر العربى
650 0 4 _aدواوين وقصائد
942 _2ddc
_cBK
999 _c54309
_d54309